El párroco ante los problemas de la época actual (Record no. 55065)

MARC details
000 -LEADER
campo de control de longitud fija 00684nam a2200193 i 4500
001 - NÚMERO DE CONTROL
campo de control 55065
003 - IDENTIFICADOR DE NÚMERO DE CONTROL
campo de control ES-MaACL
005 - FECHA Y HORA DE LA ÚLTIMA TRANSACCIÓN
campo de control 20230906163056.0
007 - CAMPO FIJO DE DESCRIPCIÓN FÍSICA--INFORMACIÓN GENERAL
campo de control de longitud fija t|
008 - DATOS DE LONGITUD FIJA--INFORMACIÓN GENERAL
campo de control de longitud fija 030911s1947 sp ||||1| spa d
100 1# - ENTRADA PRINCIPAL--NOMBRE DE PERSONA
Nombre de persona Delgado Capeáns, Ricardo.
9 (RLIN) 43442
245 13 - MENCIÓN DEL TÍTULO
Título El párroco ante los problemas de la época actual
Resto del título : conferencias sobre las agonías de la Sociedad moderna /
Mención de responsabilidad, etc. por Ricardo Delgado Capeáns.
260 ## - PUBLICACIÓN, DISTRIBUCIÓN, ETC.
Lugar de publicación, distribución, etc. Madrid :
Nombre del editor, distribuidor, etc. Bruno del Amo,
Fecha de publicación, distribución, etc. [1947] (
Fabricante Vda. de Galo Sèz)
300 ## - DESCRIPCIÓN FÍSICA
Extensión 183 p. ;
Dimensiones 17 cm.
490 1# - MENCIÓN DE SERIE
Mención de serie La predicación contemporánea
830 0# - PUNTO DE ACCESO ADICIONAL DE SERIE-TÍTULO UNIFORME
Título uniforme La predicación contemporánea
9 (RLIN) 182528
852 ## - LOCALIZACIÓN
Ubicación ES-MaACL
Número de control de estantería C-4921
Sublocalización o colección R.25110
Holdings
Estatus retirado Estado de pérdida Estado de daño No para préstamo Biblioteca de origen Biblioteca actual Ubicación en estantería Fecha de adquisición Fuente de adquisición Total de préstamos Signatura topográfica completa Código de barras Visto por última vez Precio de reemplazo Tipo de ítem Koha
        Biblioteca del Ateneo de Madrid Biblioteca del Ateneo de Madrid Sala Palomar 17/01/2008     C-4921 1057863 23/02/2023 23/02/2023 Libro impreso